[Event "ICS Rated blitz match"]
[Site "204.178.125.65"]
[Date "2000.01.20"]
[Round "?"]
[White "MissSilicon"]
[Black "Hossa"]
[Result "1-0"]
[WhiteElo "2612"]
[BlackElo "2487"]
[PlyCount "163"]

1. d4 Nf6 2. c4 e6 3. Nc3 Bb4 4. Bg5 c5 5. dxc5 Qe7 6. Qd3 Na6 7. c6 bxc6 8.
O-O-O Nc5 9. Qe3 Ba6 10. b3 Bxc3 11. Qxc3 Nce4 12. Qe3 Nxg5 13. Qxg5 Qa3+ 14.
Kb1 O-O 15. Qf4 Rab8 16. Nf3 d5 17. Nd2 Rfd8 18. e3 Qb4 19. Kc2 dxc4 20. Bxc4
Qa5 21. a4 Nd5 22. Bxd5 cxd5 23. Qd4 Rb4 24. Qe5 Rc8+ 25. Kb2 Qxa4 26. Ra1 Qc6
27. Rhc1 Qd7 28. Rxc8+ Bxc8 29. Rc1 Qe8 30. Qc7 Bb7 31. Qa5 Rb5 32. Qxa7 Qd8
33. Nf3 Rb4 34. Qc5 Rg4 35. Qc7 Qxc7 36. Rxc7 Rb4 37. Ka3 Rb5 38. Ng5 d4 39.
exd4 Rxg5 40. Rxb7 h5 41. g3 Rd5 42. Rb4 g5 43. Rc4 Ra5+ 44. Kb2 Rf5 45. Rc2
Rd5 46. Rc5 Rxd4 47. Rxg5+ Kf8 48. Kc3 Rd1 49. Rxh5 Rc1+ 50. Kd2 Rb1 51. Rb5
Kg7 52. h4 f6 53. Ke3 Rh1 54. b4 Kg6 55. h5+ Kh6 56. g4 f5 57. f3 fxg4 58. fxg4
Rf1 59. Re5 Re1+ 60. Kd4 Rg1 61. Rxe6+ Kg5 62. Rg6+ Kh4 63. b5 Rd1+ 64. Kc5
Rc1+ 65. Kb6 Kg3 66. g5 Rh1 67. h6 Rh5 68. Ka7 Kf4 69. b6 Kf5 70. Rc6 Rh3 71.
b7 Ra3+ 72. Ra6 Re3 73. Ra5+ Kg4 74. b8=Q Re7+ 75. Ka8 Kh5 76. g6+ Kxg6 77.
Qd6+ Kf7 78. Rf5+ Ke8 79. Qc6+ Rd7 80. h7 Kd8 81. h8=Q+ Ke7 82. Qcf6# 1-0

[Event "ICS rated blitz match"]
[Site "204.178.125.65"]
[Date "2000.01.20"]
[Round "?"]
[White "yusuf-pov"]
[Black "Hossa"]
[Result "0-1"]
[WhiteElo "2132"]
[BlackElo "2477"]
[PlyCount "104"]

1. d4 Nf6 2. c4 e6 3. Nc3 Bb4 4. e3 O-O 5. Bd3 c5 6. Nf3 d5 7. O-O cxd4 8. exd4
dxc4 9. Bxc4 Nbd7 10. a3 Bd6 11. Bg5 h6 12. Bh4 Qc7 13. Qe2 Nb6 14. Bb3 Nfd5
15. Rac1 Qb8 16. Ne4 Bf4 17. Rcd1 Qc7 18. Bg3 Bd7 19. Nc5 Bc6 20. Bc2 Nd7 21.
b4 Bxg3 22. hxg3 b6 23. Ne4 a5 24. b5 Bxb5 25. Qxb5 Qxc2 26. Rfe1 Qc7 27. Rc1
Qd8 28. Nc3 Nxc3 29. Rxc3 Rc8 30. Rec1 Rxc3 31. Rxc3 Nf6 32. Rb3 Qc8 33. Rb1
Qc3 34. Qxb6 Qxa3 35. Ne5 Qc3 36. Nf3 Qc2 37. Ra1 Ne4 38. d5 exd5 39. Rxa5 Qd1+
40. Kh2 Qf1 41. Rxd5 Nxf2 42. Ng1 Ng4+ 43. Kh1 Kh7 44. Qd4 Nf2+ 45. Kh2 f5 46.
Rd7 Rf6 47. Qxf6 Ng4+ 48. Kh1 Nxf6 49. Rd4 Qe1 50. Rf4 Ng4 51. Rxf5 Qxg3 52.
Rh5 Nf2# 0-1

[Event "ICS rated blitz match"]
[Site "204.178.125.65"]
[Date "2000.01.20"]
[Round "?"]
[White "Hossa"]
[Black "PostModernist"]
[Result "1-0"]
[WhiteElo "2481"]
[BlackElo "2659"]
[PlyCount "147"]

1. e4 c6 2. d4 d5 3. Nc3 dxe4 4. Nxe4 Nd7 5. Bc4 Ngf6 6. Ng5 e6 7. Qe2 Nb6 8.
Bd3 h6 9. N5f3 c5 10. c3 a6 11. Bd2 Be7 12. Nh3 cxd4 13. Nxd4 Qd6 14. Bf4 Qd5
15. O-O O-O 16. Rfd1 Bd7 17. Nf5 exf5 18. Qxe7 Rfe8 19. Qb4 Qc6 20. c4 Na4 21.
Bf1 Re6 22. Bc1 a5 23. Qa3 Nb6 24. Nf4 Ree8 25. c5 Na4 26. Be3 Ne4 27. Rac1 g5
28. Ne2 f4 29. Bd4 b6 30. cxb6 Qd6 31. Qb3 Rac8 32. Rxc8 Rxc8 33. b7 Rb8 34.
Ba7 Rxb7 35. Qxb7 Qxd1 36. Qa8+ Kg7 37. Qxe4 Qd2 38. Qd4+ Qxd4 39. Bxd4+ Kg8
40. b3 f3 41. gxf3 Bc6 42. f4 g4 43. bxa4 Bxa4 44. Bb6 Bd7 45. Bxa5 Be6 46. a4
Bd7 47. Nc3 f6 48. Nd5 Kf7 49. Bd8 Ke8 50. Bxf6 Bxa4 51. Bc4 Bc6 52. Bg7 h5 53.
Nf6+ Kd8 54. Nxh5 Be4 55. Be6 Bf3 56. Nf6 Ke7 57. Bxg4 Kf7 58. Bxf3 Kxg7 59.
Nd5 Kf8 60. Bh5 Kg7 61. f5 Kh6 62. Bg6 Kg5 63. Kg2 Kh6 64. Kh3 Kg7 65. f6+ Kxg6
66. Kg4 Kh7 67. Kg5 Kh8 68. Kh6 Kg8 69. Kg6 Kf8 70. Nc7 Kg8 71. Ne6 Kh8 72. f4
Kg8 73. f7+ Kh8 74. f8=Q# 1-0

[Event "ICS rated blitz match"]
[Site "204.178.125.65"]
[Date "2000.01.20"]
[Round "?"]
[White "PostModernist"]
[Black "Hossa"]
[Result "1/2-1/2"]
[WhiteElo "2635"]
[BlackElo "2505"]
[PlyCount "398"]

1. e4 e5 2. Nf3 Nc6 3. Bb5 a6 4. Ba4 Nf6 5. O-O Be7 6. Re1 b5 7. Bb3 d6 8. c3
O-O 9. d4 Bg4 10. Be3 Na5 11. Bc2 Nc4 12. Bc1 c5 13. b3 Nb6 14. dxe5 Bxf3 15.
Qxf3 dxe5 16. Nd2 Qd7 17. Qg3 Bd6 18. Nf3 Qe6 19. Be3 Ng4 20. Bg5 c4 21. h3 Nf6
22. Rad1 Rfd8 23. Qh4 a5 24. Bxf6 Qxf6 25. Qxf6 gxf6 26. Nh4 Ba3 27. Nf5 Bb2
28. Nd6 Bxc3 29. Rf1 Bb2 30. Nxb5 c3 31. Nc7 Rab8 32. Na6 Rbc8 33. b4 Nc4 34.
bxa5 Nd2 35. Nb4 Nxf1 36. Rxd8+ Rxd8 37. Kxf1 Rc8 38. a6 Rc5 39. a4 Ra5 40. Bb3
Kg7 41. Ke2 Kg6 42. g3 h5 43. Kd3 f5 44. exf5+ Kxf5 45. f3 f6 46. Nd5 Rxa6 47.
Nxc3 Bxc3 48. Kxc3 Ra7 49. Kb4 Rg7 50. g4+ Kf4 51. gxh5 Kxf3 52. Bd1+ Kf2 53.
Bc2 Rg5 54. h6 Rh5 55. h7 Ke3 56. Bg6 Rh4+ 57. Kc5 Kf4 58. a5 e4 59. a6 e3 60.
Bd3 e2 61. Bxe2 Rxh7 62. Bf1 f5 63. Kb6 Rh6+ 64. Kc7 Rh8 65. a7 Kg3 66. Kb7
Rh7+ 67. Ka6 Rh6+ 68. Kb5 Rh8 69. Kc6 Kf2 70. Bd3 Kg3 71. Bxf5 Ra8 72. Kb7
Rxa7+ 73. Kxa7 Kh4 74. Kb7 Kh5 75. Kc6 Kh6 76. Kd5 Kg7 77. h4 Kh8 78. Bd7 Kg8
79. Ke5 Kh8 80. Be8 Kg8 81. Kf6 Kh8 82. Bg6 Kg8 83. Bd3 Kh8 84. Kg6 Kg8 85.
Bc4+ Kh8 86. Bf1 Kg8 87. Bb5 Kh8 88. Be8 Kg8 89. Bf7+ Kh8 90. Kf6 Kh7 91. Bh5
Kh8 92. Be8 Kg8 93. Bg6 Kh8 94. h5 Kg8 95. Bd3 Kh8 96. Be4 Kg8 97. Kg6 Kh8 98.
Bf5 Kg8 99. Bc2 Kh8 100. Bd3 Kg8 101. Be2 Kh8 102. Bf3 Kg8 103. Bd5+ Kh8 104.
Be4 Kg8 105. Bf5 Kh8 106. Bc2 Kg8 107. Bd3 Kh8 108. Kf6 Kg8 109. Bg6 Kh8 110.
Bf5 Kg8 111. Bc2 Kh8 112. Bd1 Kg8 113. Bf3 Kh8 114. Bd5 Kh7 115. Be6 Kh8 116.
Bf7 Kh7 117. Bd5 Kh8 118. Bc4 Kh7 119. Bf7 Kh8 120. Be8 Kg8 121. Bd7 Kh8 122.
Kg6 Kg8 123. Bg4 Kh8 124. Bh3 Kg8 125. Bg2 Kh8 126. Bh1 Kg8 127. Kf6 Kh8 128.
Ba8 Kg8 129. Bg2 Kh8 130. Bf3 Kg8 131. Kg6 Kh8 132. Bg4 Kg8 133. Bd7 Kh8 134.
Kf6 Kg8 135. Kg6 Kh8 136. Bb5 Kg8 137. Bc6 Kh8 138. Bb7 Kg8 139. Bh1 Kh8 140.
Bg2 Kg8 141. Bb7 Kh8 142. Bc6 Kg8 143. Ba8 Kh8 144. h6 Kg8 145. Be4 Kh8 146.
Kf6 Kg8 147. Ke6 Kh8 148. Kd5 Kg8 149. h7+ Kh8 150. Bf5 Kg7 151. Bd3 Kh8 152.
Be4 Kg7 153. Kc6 Kh8 154. Bf5 Kg7 155. Kd5 Kh8 156. Kc5 Kg7 157. Be4 Kh8 158.
Kd6 Kg7 159. Bd3 Kh8 160. Bf5 Kg7 161. Ke5 Kh8 162. Be4 Kg7 163. Ke6 Kh8 164.
Bd3 Kg7 165. Bf5 Kh8 166. Be4 Kg7 167. Bd3 Kh8 168. Ke5 Kg7 169. Bg6 Kh8 170.
Bc2 Kg7 171. Bb1 Kh8 172. Bg6 Kg7 173. Bd3 Kh8 174. Kf4 Kg7 175. Bf5 Kh8 176.
Bc2 Kg7 177. Ke5 Kh8 178. Bb1 Kg7 179. Be4 Kh8 180. Kd4 Kg7 181. Bf5 Kh8 182.
Kd3 Kg7 183. Kc4 Kh8 184. Kd4 Kg7 185. Bg6 Kh8 186. Ke4 Kg7 187. Kd5 Kh8 188.
Kd6 Kg7 189. Bf5 Kh8 190. Ke5 Kg7 191. Ke4 Kh8 192. Kf4 Kg7 193. Ke3 Kh8 194.
Be4 Kg7 195. Bg6 Kh8 196. Bd3 Kg7 197. Kd4 Kh8 198. Bg6 Kg7 199. Ke4 Kh8
1/2-1/2

[Event "ICS rated blitz match"]
[Site "204.178.125.65"]
[Date "2000.01.20"]
[Round "?"]
[White "Hossa"]
[Black "PostModernist"]
[Result "1-0"]
[WhiteElo "2511"]
[BlackElo "2629"]
[PlyCount "133"]

1. e4 c6 2. d4 d5 3. Nc3 dxe4 4. Nxe4 Nd7 5. Bc4 Ngf6 6. Ng5 e6 7. Qe2 Nb6 8.
Bd3 h6 9. N5f3 c5 10. c3 Qc7 11. Nh3 cxd4 12. Nxd4 Nbd5 13. Nb5 Qb6 14. Nf4 Bd7
15. Nxd5 Nxd5 16. O-O O-O-O 17. Rd1 Bc5 18. a4 a6 19. Nd4 Bxd4 20. cxd4 Bc6 21.
Be3 f5 22. a5 Qc7 23. Bd2 Qd6 24. Rac1 Nc7 25. Bc3 Nd5 26. Qe1 Kb8 27. Bc4 Nxc3
28. Qxc3 g5 29. Bxa6 Bxg2 30. Kxg2 bxa6 31. Qb3+ Ka7 32. Rc5 Rb8 33. Qc3 Rhd8
34. Kg1 Rb7 35. Rd2 g4 36. Rd3 h5 37. Rc4 h4 38. Re3 h3 39. b3 Qd5 40. Rg3 e5
41. Qc1 Rxb3 42. Rc7+ Ka8 43. Rc2 exd4 44. Rd2 Rxg3+ 45. fxg3 Qxa5 46. Qc6+ Ka7
47. Re2 Qa1+ 48. Kf2 Kb8 49. Qb6+ Kc8 50. Rc2+ Qc3 51. Rxc3+ dxc3 52. Qxa6+ Kd7
53. Qd3+ Ke7 54. Qxc3 Rd5 55. Ke3 Ke6 56. Kf4 Kd6 57. Qf6+ Kc5 58. Qxf5 Rxf5+
59. Kxf5 Kd5 60. Kxg4 Ke4 61. Kxh3 Kf5 62. g4+ Kf6 63. Kh4 Kg6 64. g5 Kg7 65.
Kh5 Kf7 66. g6+ Kg7 67. Kg5 1-0

[Event "ICS rated blitz match"]
[Site "204.178.125.65"]
[Date "2000.01.20"]
[Round "?"]
[White "Lonnie"]
[Black "Hossa"]
[Result "1-0"]
[WhiteElo "2897"]
[BlackElo "2532"]
[PlyCount "139"]

1. e4 e5 2. Nf3 Nc6 3. Bb5 a6 4. Ba4 Nf6 5. O-O Be7 6. Re1 b5 7. Bb3 d6 8. c3
O-O 9. h3 Na5 10. Bc2 c5 11. d4 Qc7 12. Nbd2 cxd4 13. cxd4 Nc6 14. a3 Bd7 15.
d5 Na5 16. Nf1 Rac8 17. Bd3 Rfe8 18. Ng3 Nc4 19. b3 Nb6 20. Be3 Na8 21. a4 Qb7
22. axb5 Bxb5 23. Nf5 Nd7 24. Bxb5 Qxb5 25. Qe2 Nf6 26. Bg5 Nc7 27. Nxe5 dxe5
28. d6 Qxe2 29. Rxe2 Bxd6 30. Nxd6 Rb8 31. Nxe8 Nfxe8 32. Rb2 Nd6 33. Ra4 Ndb5
34. Be3 Rd8 35. Rd2 Rxd2 36. Bxd2 h5 37. Be3 Kh7 38. Bb6 g5 39. Bxc7 Nxc7 40.
Ra5 Kg6 41. Rxe5 Nb5 42. b4 Nc3 43. Ra5 Nxe4 44. Rxa6+ f6 45. b5 Nc5 46. Rc6
Nd7 47. b6 Nxb6 48. Rxb6 Kf7 49. g4 h4 50. Kg2 Kg6 51. f4 gxf4 52. Kf3 Kf7 53.
Rxf6+ Ke7 54. Rd6 Kf7 55. Kxf4 Kf8 56. Rd7 Ke8 57. Ke5 Kxd7 58. g5 Ke7 59. g6
Ke8 60. Ke6 Kf8 61. Kf6 Ke8 62. g7 Kd7 63. Ke5 Ke7 64. g8=Q Kd7 65. Qc4 Ke7 66.
Qxh4+ Kd7 67. Qc4 Ke7 68. Qc7+ Kf8 69. Kf6 Kg8 70. Qg7# 1-0

[Event "ICS rated blitz match"]
[Site "204.178.125.65"]
[Date "2000.01.20"]
[Round "?"]
[White "Hossa"]
[Black "Lonnie"]
[Result "0-1"]
[WhiteElo "2529"]
[BlackElo "2900"]
[PlyCount "156"]

1. e4 c5 2. Nf3 e6 3. d4 cxd4 4. Nxd4 Nc6 5. Nc3 Qc7 6. Ndb5 Qb8 7. Bc4 Nf6 8.
O-O a6 9. Nd4 Bd6 10. g3 Be5 11. Be3 Nxd4 12. Bxd4 b5 13. Bb3 b4 14. Na4 Bxd4
15. Qxd4 e5 16. Qd3 Qc7 17. Rad1 O-O 18. f3 Bb7 19. Qd6 Qxd6 20. Rxd6 Bc6 21.
Nb6 Rab8 22. Nc4 Rb5 23. Rd2 Rc5 24. Nd6 a5 25. Bc4 Ne8 26. Bxf7+ Rxf7 27. Nxe8
d5 28. Nd6 Rd7 29. Nf5 g6 30. Ne3 dxe4 31. Rxd7 Bxd7 32. fxe4 Bc6 33. Ng4 Kg7
34. c3 bxc3 35. bxc3 h5 36. Nf6 Rxc3 37. g4 Rc2 38. gxh5 Rxa2 39. hxg6 Kxg6 40.
Ng4 Bxe4 41. Nxe5+ Kg5 42. h4+ Kh5 43. Rf8 Bh7 44. Rh8 Kh6 45. h5 Kg7 46. Re8
Bf5 47. Ra8 a4 48. Ra6 a3 49. Kf1 Bc8 50. Ra5 Ra1+ 51. Kf2 a2 52. Nf3 Kh6 53.
Ne1 Bf5 54. Ng2 Bg4 55. Nf4 Bd1 56. Ra6+ Kg5 57. Kg3 Bb3 58. Ra5+ Kf6 59. Ra6+
Kf5 60. Ne2 Bc4 61. Ra5+ Kf6 62. Nc3 Rg1+ 63. Kf4 a1=Q 64. Ne4+ Kg7 65. Rxa1
Rxa1 66. Ng3 Kh6 67. Ke3 Bd3 68. Kf4 Ra4+ 69. Kf3 Kg5 70. Kf2 Kf4 71. Nf5 Bxf5
72. h6 Bd3 73. h7 Bxh7 74. Ke2 Rc4 75. Kf2 Bd3 76. Kg2 Rc2+ 77. Kh1 Kg3 78. Kg1
Rc1# 0-1

[Event "ICS rated blitz match"]
[Site "204.178.125.65"]
[Date "2000.01.20"]
[Round "?"]
[White "Zippy"]
[Black "Hossa"]
[Result "1-0"]
[WhiteElo "2245"]
[BlackElo "2522"]
[PlyCount "237"]

1. e4 e5 2. Nf3 Nc6 3. Bb5 a6 4. Ba4 Nf6 5. O-O Be7 6. Bxc6 dxc6 7. Nxe5 Nxe4
8. d3 Nc5 9. d4 Nd7 10. Re1 Nxe5 11. Rxe5 O-O 12. c4 Be6 13. c5 Bf6 14. Re4 Qd7
15. Nc3 Bf5 16. Re2 Qxd4 17. Qxd4 Bxd4 18. Be3 Bxc3 19. bxc3 Rfe8 20. Rb2 Rab8
21. Bf4 Re7 22. h3 f6 23. g4 Bd3 24. Rd1 Bb5 25. Rd4 g5 26. Be3 a5 27. Bd2 Ba6
28. c4 Re2 29. Bc3 Rxb2 30. Bxb2 h6 31. f4 a4 32. Kf2 Re8 33. Kf3 Re1 34. f5
Re7 35. Rd8+ Kg7 36. Rd4 Kf7 37. Bc3 Kg8 38. Rd8+ Kg7 39. Rd4 b6 40. Bb4 Rf7
41. cxb6 cxb6 42. c5 Bb7 43. Rd6 bxc5 44. Bxc5 Ba6 45. Rd4 Bb5 46. Ke4 Rc7 47.
a3 Kf7 48. Ke3 Kg8 49. Ke4 Rb7 50. Rd8+ Kg7 51. Bf8+ Kh7 52. Rd1 Bc4 53. Rd2
Bf1 54. Rh2 Rb8 55. Bd6 Rd8 56. Bc5 Kg7 57. h4 Re8+ 58. Kf3 Re5 59. Bd4 Rd5 60.
Ke4 gxh4 61. Rxh4 Bg2+ 62. Ke3 c5 63. Bb2 c4 64. Bd4 Rd8 65. Rh2 Ba8 66. Rh4
Bb7 67. Rh3 Rd7 68. Rh4 Bg2 69. Rh2 Bf1 70. Rh1 Bd3 71. Rh2 Rb7 72. Bc5 Rb8 73.
Kd4 Rg8 74. Kc3 Kh7 75. Rh4 Rb8 76. Kd4 Rc8 77. Bb4 Be2 78. Ke3 Re8+ 79. Kf4
Bd3 80. Bc3 Kg7 81. Bb4 Rc8 82. Rh3 Rc7 83. Bc3 Rf7 84. Re3 Bc2 85. Re6 Bb1 86.
Rd6 Bd3 87. Rc6 Be2 88. Ra6 Bd1 89. Bd4 Bc2 90. Rc6 Bd3 91. Rb6 Be2 92. Rd6 Bf1
93. Ra6 Bg2 94. Rxa4 Rc7 95. Ra6 Bc6 96. a4 Kf7 97. a5 Ke7 98. Rb6 Kd6 99. a6
Kd5 100. Bxf6 Kc5 101. Rb1 Ra7 102. Bc3 Ba4 103. f6 Kc6 104. Rb7 Ra8 105. f7
Bb5 106. Re7 Kd6 107. Bb4+ Kd5 108. Re5+ Kd4 109. Rxb5 c3 110. f8=Q Rxf8+ 111.
Bxf8 c2 112. Rc5 h5 113. a7 Kd3 114. a8=Q c1=Q+ 115. Rxc1 Kd2 116. Rh1 hxg4
117. Bb4+ Ke2 118. Qd5 Kf2 119. Qd2# 1-0

[Event "ICS rated blitz match"]
[Site "204.178.125.65"]
[Date "2000.01.20"]
[Round "?"]
[White "Hossa"]
[Black "DoctorWho"]
[Result "0-1"]
[WhiteElo "2491"]
[BlackElo "2697"]
[PlyCount "132"]

1. e4 e5 2. Nf3 Nc6 3. Bb5 a6 4. Ba4 Nf6 5. O-O Be7 6. Bxc6 dxc6 7. Nxe5 Nxe4
8. d3 Nf6 9. Re1 O-O 10. Bg5 h6 11. Bh4 Re8 12. Nc3 Be6 13. Qe2 Qd4 14. Nf3 Qb6
15. Rab1 Rad8 16. a4 Qa5 17. Ne5 Qb4 18. Bg3 Bc5 19. Qd2 Nh5 20. Re4 Bd4 21.
Nf3 Nxg3 22. hxg3 c5 23. Qe2 Qb6 24. Qe1 Qd6 25. Re2 Qc6 26. Ne5 Qb6 27. Nc4
Qb4 28. Re4 Bd7 29. a5 f5 30. Re7 Rxe7 31. Qxe7 Bf6 32. Qe1 Re8 33. Qd2 Be6 34.
Re1 Re7 35. Nb1 Bxc4 36. Qxb4 cxb4 37. Rxe7 Bxe7 38. dxc4 Kf7 39. Nd2 Bf6 40.
Nb3 Bxb2 41. Nc5 Ke7 42. Nxb7 Bd4 43. c5 Kd7 44. c6+ Kxc6 45. Nd8+ Kd7 46. Nf7
Ke8 47. Nh8 g5 48. Ng6 Kf7 49. Nf4 gxf4 50. gxf4 c5 51. Kf1 c4 52. Ke1 Bxf2+
53. Ke2 Ke6 54. Kd2 Bd4 55. Ke2 Kd5 56. Kd2 c3+ 57. Kd3 h5 58. g3 Bc5 59. Ke2
Ke4 60. Kd1 Be3 61. Ke2 b3 62. Kd1 b2 63. Ke2 b1=Q 64. g4 Qxc2+ 65. Ke1 Qf2+
66. Kd1 c2# 0-1

[Event "ICS rated blitz match"]
[Site "204.178.125.65"]
[Date "2000.01.20"]
[Round "?"]
[White "Hossa"]
[Black "Talmoves"]
[Result "0-1"]
[WhiteElo "2484"]
[BlackElo "2549"]
[PlyCount "76"]

1. e4 e5 2. Nf3 Nc6 3. Bb5 a6 4. Ba4 d6 5. c4 Bg4 6. Nc3 Nf6 7. h3 Bxf3 8. gxf3
Be7 9. Bxc6+ bxc6 10. d3 Qd7 11. f4 O-O 12. h4 Kh8 13. fxe5 dxe5 14. Rg1 Qh3
15. Bg5 h6 16. Bxf6 Bxf6 17. h5 Rad8 18. Rg3 Qh2 19. Qf3 Bh4 20. Rg4 Bg5 21.
Rg3 g6 22. Ne2 Qxh5 23. Qg2 Be7 24. Nc3 Rb8 25. Rh3 Qg5 26. Rg3 Qf6 27. Rf3 Qg7
28. O-O-O h5 29. Rh3 Qh6+ 30. Kc2 Rfd8 31. Ne2 Kg7 32. Rdh1 Rxb2+ 33. Kxb2 Qd2+
34. Ka1 Rb8 35. Rb1 Rxb1+ 36. Kxb1 Ba3 37. Qxg6+ fxg6 38. Ng1 Qc1# 0-1

[Event "ICS rated blitz match"]
[Site "204.178.125.65"]
[Date "2000.01.20"]
[Round "?"]
[White "Talmoves"]
[Black "Hossa"]
[Result "1-0"]
[WhiteElo "2562"]
[BlackElo "2471"]
[PlyCount "71"]

1. e4 e5 2. f4 d5 3. exd5 c6 4. Nc3 exf4 5. Nf3 cxd5 6. d4 Nf6 7. Bxf4 Bb4 8.
Bb5+ Bd7 9. Qe2+ Ne4 10. Nd2 Bxc3 11. bxc3 O-O 12. Nxe4 dxe4 13. O-O Bxb5 14.
Qxb5 Qd7 15. Rab1 b6 16. Rfe1 Qxb5 17. Rxb5 f5 18. Bd6 Rf6 19. Be7 Re6 20. Bg5
g6 21. c4 Rc6 22. Rb4 a5 23. Ra4 b5 24. cxb5 Rxc2 25. Rc1 Rb2 26. Rc8+ Kf7 27.
Rac4 f4 28. R4c7+ Ke6 29. Re8+ Kd5 30. Rd8+ Ke6 31. Re7+ Kf5 32. Rd5+ Kg4 33.
h3+ Kg3 34. Bh4+ Kxh4 35. Rxh7+ Kg3 36. Rg5# 1-0

[Event "ICS rated blitz match"]
[Site "204.178.125.65"]
[Date "2000.01.20"]
[Round "?"]
[White "Varguz"]
[Black "Hossa"]
[Result "1-0"]
[WhiteElo "2835"]
[BlackElo "2459"]
[PlyCount "81"]

1. Nf3 Nf6 2. g3 g6 3. Bg2 Bg7 4. d4 O-O 5. c4 d5 6. cxd5 Nxd5 7. Nc3 Nb6 8.
O-O Nc6 9. e3 Bg4 10. h3 Bc8 11. d5 Nb4 12. e4 f5 13. Qb3 fxe4 14. d6+ e6 15.
Bg5 Qxd6 16. Nxe4 Qd5 17. Qxb4 a5 18. Qe1 Bxb2 19. Bh6 Re8 20. Rc1 Qxa2 21. Rc2
Qa3 22. Bc1 Bxc1 23. Nf6+ Kf7 24. Nxe8 Kxe8 25. Rxc1 Qd6 26. Qc3 Nd5 27. Qh8+
Qf8 28. Qxh7 Qf7 29. Qh6 Qf6 30. Ng5 Kd8 31. Nh7 Qf5 32. Bxd5 exd5 33. g4 Qf7
34. Qh4+ Qe7 35. Nf6 Qg7 36. Rfe1 c5 37. Rxc5 Bd7 38. Qg3 Rc8 39. Qd6 Qf7 40.
Qb6+ Rc7 41. Qxc7# 1-0

[Event "ICS rated blitz match"]
[Site "204.178.125.65"]
[Date "2000.01.20"]
[Round "?"]
[White "Hossa"]
[Black "Beadle"]
[Result "0-1"]
[WhiteElo "2456"]
[BlackElo "2556"]
[PlyCount "110"]

1. d4 Nf6 2. c4 e6 3. Nf3 d5 4. Nc3 Be7 5. Bg5 h6 6. Bh4 O-O 7. e3 Ne4 8. Bxe7
Qxe7 9. Bd3 Nxc3 10. bxc3 Nc6 11. cxd5 exd5 12. O-O Rb8 13. Re1 Bg4 14. e4 Qd6
15. exd5 Qxd5 16. Be4 Qd6 17. Qb1 Kh8 18. Qb5 f5 19. Bxc6 bxc6 20. Qd3 Bxf3 21.
Qxf3 c5 22. d5 Rb2 23. Re6 Qd8 24. Qd3 f4 25. Qf3 Rd2 26. c4 Qg5 27. a3 Rc2 28.
Ra6 Rxc4 29. Rxa7 Qf6 30. Qd1 Rd4 31. Qe1 Qd8 32. Rd1 Re8 33. Qf1 Rxd1 34. Qxd1
Qxd5 35. Qc1 f3 36. gxf3 Qxf3 37. h3 Rd8 38. Rxc7 Rd1+ 39. Qxd1 Qxd1+ 40. Kg2
Qd6 41. Rc8+ Kh7 42. h4 Qg6+ 43. Kh2 Qf5 44. Re8 Qxf2+ 45. Kh3 c4 46. h5 c3 47.
Kg4 Qg2+ 48. Kf5 c2 49. Rc8 Qh3+ 50. Ke5 Qxc8 51. Kf4 c1=Q+ 52. Ke4 Q8c5 53.
Kf3 Qf5+ 54. Kg3 Qe3+ 55. Kg2 Qfh3# 0-1

[Event "ICS rated blitz match"]
[Site "204.178.125.65"]
[Date "2000.01.20"]
[Round "?"]
[White "Beadle"]
[Black "Hossa"]
[Result "1/2-1/2"]
[WhiteElo "2568"]
[BlackElo "2444"]
[PlyCount "62"]

1. d4 Nf6 2. Nf3 c5 3. d5 Qa5+ 4. Bd2 Qb6 5. Bc3 e6 6. dxe6 fxe6 7. e3 d5 8.
Bxf6 gxf6 9. b3 Bg7 10. Nbd2 f5 11. Rb1 Bc3 12. Ng5 e5 13. Be2 O-O 14. O-O h6
15. Nh3 Nc6 16. f4 e4 17. Rf2 Rd8 18. a4 d4 19. Bc4+ Kh8 20. Qh5 Na5 21. Nf1
dxe3 22. Nxe3 Bd4 23. Rd1 Nxc4 24. Nxc4 Qf6 25. Kh1 Bxf2 26. Rxd8+ Qxd8 27.
Qxh6+ Kg8 28. Qg6+ Kf8 29. Qh6+ Kg8 30. Qg6+ Kf8 31. Qh6+ Kg8 1/2-1/2

[Event "ICS rated blitz match"]
[Site "204.178.125.65"]
[Date "2000.01.20"]
[Round "?"]
[White "Hossa"]
[Black "Beadle"]
[Result "0-1"]
[WhiteElo "2449"]
[BlackElo "2563"]
[PlyCount "298"]

1. d4 d5 2. c4 c6 3. e3 Nf6 4. cxd5 cxd5 5. Bb5+ Bd7 6. Nc3 Bxb5 7. Nxb5 e6 8.
Ne2 Nc6 9. O-O a6 10. Nbc3 Bd6 11. Bd2 O-O 12. Rc1 Rc8 13. Ng3 Qb6 14. Qc2 Kh8
15. Na4 Qa7 16. Nc3 Nb4 17. Qb1 h5 18. a3 Nc6 19. Nge2 Qb6 20. Qc2 Na5 21. Ng3
Nb3 22. Rcd1 h4 23. Nge2 Ne4 24. Bc1 Na5 25. Qd3 Nxc3 26. Nxc3 Nc4 27. Qe2 h3
28. gxh3 Kg8 29. e4 dxe4 30. Nxe4 Rfd8 31. Bg5 Nxb2 32. Bxd8 Rxd8 33. Rd2 Na4
34. Qc4 Qa5 35. Rd3 Nb2 36. Qc3 Qf5 37. Re3 Na4 38. Qb3 Bf4 39. Qxb7 Rxd4 40.
Qxa6 Kh7 41. Ng3 Qxh3 42. Ree1 Bd6 43. Qb7 Bxa3 44. Ra1 Rh4 45. Qg2 Qxg2+ 46.
Kxg2 Bb2 47. Rad1 Nb6 48. Rd8 Nd5 49. Rb1 Bd4 50. Rb7 Kg6 51. Ne2 Be5 52. h3
Rc4 53. Rf8 Rc2 54. Kf3 f5 55. Re8 Kf6 56. h4 Rc4 57. Rf8+ Kg6 58. Rh8 Rc2 59.
Re8 Rc6 60. Ra7 Bc7 61. Raa8 Nb6 62. Ra6 Be5 63. Ra7 Nd5 64. Rh8 Rc2 65. Rb7
Nc7 66. Rbb8 Kf7 67. Rhf8+ Ke7 68. h5 Ra2 69. Rg8 Kf6 70. Nc1 Rd2 71. Ke3 Rd1
72. Rbf8+ Kg5 73. Ne2 Nd5+ 74. Kf3 Rd3+ 75. Kg2 Rd2 76. Kf3 Kxh5 77. Rh8+ Kg6
78. Re8 Rd3+ 79. Kg2 Nc7 80. Rc8 Rd2 81. Nc1 Nd5 82. Kf3 Kf6 83. Rcf8+ Ke7 84.
Re8+ Kd6 85. Rd8+ Kc7 86. Rc8+ Kb7 87. Rcg8 Rd1 88. Na2 Rd3+ 89. Ke2 Nf4+ 90.
Ke1 Ra3 91. Nc1 Ra1 92. Kd2 Nd5 93. Nd3 Ra2+ 94. Ke1 Bd4 95. Rb8+ Kc7 96. Rhc8+
Kd7 97. Rg8 Ra1+ 98. Ke2 Ra3 99. Rbd8+ Ke7 100. Rc8 Ra2+ 101. Ke1 Ra1+ 102. Kd2
Kf7 103. Rcf8+ Kg6 104. Re8 Ra2+ 105. Ke1 Bc3+ 106. Kf1 Rd2 107. Nc5 Nf4 108.
Kg1 Rd1+ 109. Kh2 Be5 110. Nb3 Rd3 111. Na5 Rf3 112. Nc6 Bd6 113. Kg1 Nh3+ 114.
Kh1 Rxf2 115. Rxe6+ Kf7 116. Rxd6 Kxg8 117. Rd8+ Kh7 118. Rd7 Kh6 119. Rd8 Ng5
120. Rh8+ Kg6 121. Ne5+ Kf6 122. Nd7+ Ke7 123. Kg1 Rc2 124. Ne5 Kf6 125. Re8 g6
126. Kf1 Ne4 127. Nd7+ Kf7 128. Re5 Ng3+ 129. Kg1 g5 130. Nb6 Ne2+ 131. Kf2
Nf4+ 132. Kg3 Nh5+ 133. Kh3 g4+ 134. Kh4 Rh2+ 135. Kg5 Ng7 136. Kf4 Ne6+ 137.
Kxf5 Rh5+ 138. Ke4 Rxe5+ 139. Kxe5 g3 140. Nc4 g2 141. Nd6+ Ke7 142. Nf5+ Kd7
143. Ne3 g1=Q 144. Nf5 Qg4 145. Kf6 Qf4 146. Kg6 Qg5+ 147. Kf7 Qxf5+ 148. Kg8
Qf8+ 149. Kh7 Qg7# 0-1

[Event "ICS rated blitz match"]
[Site "204.178.125.65"]
[Date "2000.01.20"]
[Round "?"]
[White "salzi"]
[Black "Hossa"]
[Result "0-1"]
[WhiteElo "2081"]
[BlackElo "2438"]
[PlyCount "86"]

1. d4 Nf6 2. Nf3 c5 3. c3 cxd4 4. cxd4 d5 5. Nc3 Nc6 6. e3 Bg4 7. Be2 e6 8. O-O
Bd6 9. h3 Bf5 10. a3 Rc8 11. Bd2 Ne4 12. Nxe4 dxe4 13. Ne1 Qc7 14. Rc1 O-O 15.
Bc3 Rfd8 16. Nc2 Ne7 17. Bg4 Bxg4 18. Qxg4 f5 19. Qe2 Nd5 20. Nb4 Bxb4 21. Bxb4
Qxc1 22. Rxc1 Rxc1+ 23. Kh2 Nxb4 24. axb4 Rd7 25. Qb5 Rcc7 26. Qa5 b6 27. Qa4
Kf8 28. Kg3 Ke7 29. Kf4 Rc1 30. Kg3 Rdc7 31. b5 g5 32. Qb4+ Kf7 33. h4 gxh4+
34. Kxh4 R1c2 35. Kg3 Rd7 36. Qb3 Rc1 37. f3 exf3 38. gxf3 h5 39. e4 fxe4 40.
fxe4 Rxd4 41. Qf3+ Kg6 42. Qf8 Rd3+ 43. Kg2 Rc2+ 0-1

[Event "ICS rated blitz match"]
[Site "204.178.125.65"]
[Date "2000.01.20"]
[Round "?"]
[White "Beadle"]
[Black "Hossa"]
[Result "0-1"]
[WhiteElo "2584"]
[BlackElo "2431"]
[PlyCount "172"]

1. d4 Nf6 2. c4 e6 3. Nf3 d5 4. Nc3 Be7 5. Bg5 h6 6. Bh4 O-O 7. e3 Ne4 8. Bxe7
Qxe7 9. Bd3 Nxc3 10. bxc3 Nc6 11. O-O dxc4 12. Bxc4 Rd8 13. Qc2 e5 14. Rab1 Qd6
15. Rb5 exd4 16. cxd4 Rd7 17. Ne5 Nxe5 18. Rxe5 Rd8 19. Qe4 Rf8 20. Re8 c6 21.
Rb1 Rb8 22. Bd3 g6 23. Qe7 Qxe7 24. Rxe7 Ra8 25. a4 Kg7 26. Bc4 b6 27. e4 g5
28. Rc7 g4 29. Rb3 h5 30. Kh1 h4 31. f4 Kg8 32. f5 Kg7 33. h3 g3 34. Kg1 b5 35.
axb5 cxb5 36. Bd5 Rb8 37. Rxa7 b4 38. Rf3 Kf6 39. Rc7 Rb5 40. Rb3 Kg7 41. Rf3
Kf6 42. Bc4 Rb7 43. Rc5 Kg5 44. Ba6 Rb8 45. f6+ Kg6 46. Bd3 Re8 47. e5+ Kh6 48.
Rf4 Kg5 49. Rf1 Kh6 50. Ra5 b3 51. Rf4 Kg5 52. Rf3 b2 53. Bb1 Kh6 54. Rf4 Kg5
55. Rf1 Kh6 56. Rc5 Rb6 57. Rf4 Kg5 58. Rf3 Kh6 59. Rc7 Be6 60. Rc2 Rb4 61. Rd2
Rd8 62. Rf4 Kg5 63. Rf1 Rdxd4 64. Re2 Bc4 65. Rf5+ Kh6 66. Re1 Bd5 67. e6 Bxe6
68. Rff1 Bc4 69. Rf3 Rb6 70. Kh1 Re6 71. Rg1 Bd5 72. Rd3 Rxd3 73. Bxd3 Rxf6 74.
Bb1 Rf2 75. Bd3 f5 76. Bb1 f4 77. Rd1 Bxg2+ 78. Kg1 Bxh3 79. Be4 f3 80. Bxf3
Rxf3 81. Rd6+ Kg7 82. Rd1 Rc3 83. Rd7+ Bxd7 84. Kg2 h3+ 85. Kf1 Re3 86. Kg1
Re1# 0-1